| 000 | 00350nam a2200145Ia 4500 | ||
|---|---|---|---|
| 008 | 210210b1972 xxu||||| |||| 00| 0 eng d | ||
| 082 | _a330 STIE | ||
| 100 | _aSTIGUM (Bernt P) & STIGUM (Marcia L). | ||
| 245 | _aEconomics. | ||
| 250 | _a | ||
| 260 |
_aLondon _bAddison-Wesley _c1972 |
||
| 300 | _a842 | ||
| 690 | _aEconomic Theory | ||
| 906 | _a033266 | ||
| 999 |
_c83966 _d83966 |
||